Statistics for UEFA Champions League Final Scorers

Click here to take the quiz!

General Stats

  • This quiz has been taken 128 times
    (52 since last reset)
  • The average score is 40 of 67

Answer Stats

SeasonTeamScorer% Correct
2007-2008Manchester UnitedCristiano Ronaldo
100%
2016-2017Real Madrid x2Cristiano Ronaldo
100%
2013-2014Real MadridCristiano Ronaldo
100%
2017-2018Real Madrid x2Gareth Bale
98%
2013-2014Real MadridGareth Bale
98%
2008-2009BarcelonaLionel Messi
96%
2010-2011BarcelonaLionel Messi
96%
2017-2018LiverpoolSadio Mane
91%
2017-2018Real MadridKarim Benzema
91%
2004-2005LiverpoolSteven Gerrard
89%
2013-2014Real MadridSergio Ramos
82%
2012-2013Bayern MunichArjen Robben
82%
2011-2012ChelseaDidier Drogba
82%
2015-2016Real MadridSergio Ramos
82%
2014-2015BarcelonaLuis Suarez
82%
2014-2015BarcelonaNeymar
80%
2001-2002Real MadridZinedine Zidane
78%
2004-2005LiverpoolXabi Alonso
78%
2013-2014Atletico MadridDiego Godin
76%
2010-2011Manchester UnitedWayne Rooney
76%
2005-2006BarcelonaSamuel Eto'o
76%
2016-2017JuventusMario Mandzukic
76%
2008-2009BarcelonaSamuel Eto'o
76%
2012-2013Bayern MunichMario Mandzukic
76%
2006-2007AC Milan x2Filippo Inzaghi
73%
2016-2017Real MadridCasemiro
71%
2004-2005AC Milan x2Hernan Crespo
71%
2011-2012Bayern MunichThomas Muller
71%
2009-2010Inter Milan x2Diego Milito
67%
2007-2008ChelseaFrank Lampard
67%
2004-2005AC MilanPaolo Maldini
64%
1998-1999Manchester UnitedTeddy Sheringham
64%
2010-2011BarcelonaPedro
64%
2010-2011BarcelonaDavid Villa
64%
1998-1999Manchester UnitedOle Gunnar Solskjaer
64%
2004-2005LiverpoolVladimir Smicer
62%
2013-2014Real MadridMarcelo
62%
1999-2000Real MadridRaul
60%
2001-2002Real MadridRaul
60%
2014-2015BarcelonaIvan Rakitic
58%
2014-2015JuventusAlvaro Morata
58%
2003-2004PortoDeco
58%
2012-2013Borussia DortmundIlkay Gundogan
56%
1996-1997JuventusAlessandro Del Piero
51%
2006-2007LiverpoolDirk Kuyt
49%
2005-2006BarcelonaJuliano Belletti
49%
2005-2006ArsenalSol Campbell
49%
2015-2016Atletico MadridYannick Carrasco
44%
1994-1995AjaxPatrick Kluivert
38%
1999-2000Real MadridFernando Morientes
36%
2001-2002Bayer LeverkusenLucio
33%
1997-1998Real MadridPredrag Mijatovic
27%
2016-2017Real MadridMarco Asensio
27%
1999-2000Real MadridSteve McManaman
27%
1993-1994AC MilanDejan Savicevic
24%
1998-1999Bayern MunichMario Basler
24%
1995-1996AjaxJari Litmanen
24%
1993-1994AC MilanMarcel Desailly
22%
2000-2001Bayern MunichStefan Effenberg
22%
1996-1997Borussia DortmundLars Ricken
22%
2000-2001ValenciaGaizka Mendieta
22%
1995-1996JuventusFabrizio Ravanelli
20%
1992-1993MarseilleBasile Boli
18%
1993-1994AC MilanDaniele Massaro
18%
1996-1997Borussia Dortmund x2Karl-Heinz Riedle
16%
2003-2004PortoCarlos Alberto
16%
2003-2004PortoDmitri Alenichev
13%

Score Distribution

Percentile by Number Answered

Percent of People with Each Score

Your Score History

You have not taken this quiz since the last reset